| 000 | 01374cam a2200385 4500 | ||
|---|---|---|---|
| 001 | L126694 | ||
| 002 | 7951 | ||
| 008 | 040705n2004 000 0 eng u | ||
| 020 | _a9781405891059 | ||
| 035 | _a(Sirsi) u126694 | ||
| 041 | _aeng. | ||
| 050 |
_a690.23 _c18 |
||
| 100 | _aAshworth, Allan | ||
| 245 |
_aCost studies of buildings _h[electronic resource] |
||
| 250 | _a4th ed. | ||
| 260 |
_aHarlow _bPearson Education Ltd _c2004 |
||
| 300 | _aeBook | ||
| 520 | _aExamines the costs of buildings and the ways in which costs can be forecast, monitored, controlled and evaluated. Features chapters on predevelopment, completion of projects and facilities management. Contains self assessment questions within each chapter, and a bibliography. | ||
| 520 | _aSupersedes previous edition (ISBN 0582369096) | ||
| 650 | _aBUILT ENVIRONMENT-BUILDING COSTS | ||
| 650 | _aBUILDING INDUSTRY | ||
| 650 | 2 | 4 | _aEBOOK |
| 650 | _aCONSTRUCTION INDUSTRY | ||
| 650 | _aCOST ANALYSIS | ||
| 650 | _aCOST INDICES | ||
| 650 | _aCOST CONTROL | ||
| 650 | _aCOST INDICES | ||
| 650 | _aCOST MODELLING | ||
| 650 | _aDEVELOPMENT APPRAISAL | ||
| 650 | _aESTIMATING TECHNIQUES | ||
| 650 | _aLIFE CYCLE COSTING | ||
| 690 |
_aCost management _96233 |
||
| 856 | 4 | 0 |
_uhttps://www.vlebooks.com/ _zView on VLEbooks. Logins for members only from [email protected] |
| 942 | _n0 | ||
| 999 |
_c103635 _d103635 |
||